<?xml version="1.0" encoding="UTF-8"?>
<record
    xmlns:xsi="http://www.w3.org/2001/XMLSchema-instance"
    xsi:schemaLocation="http://www.loc.gov/MARC21/slim http://www.loc.gov/standards/marcxml/schema/MARC21slim.xsd"
    xmlns="http://www.loc.gov/MARC21/slim">

  <leader>01778nab a2200265uuc4500</leader>
  <controlfield tag="001">1475426</controlfield>
  <controlfield tag="005">20240202130434.0</controlfield>
  <controlfield tag="008">171006e20160705                    spa  </controlfield>
  <datafield tag="035" ind1=" " ind2=" ">
    <subfield code="a">1475426</subfield>
  </datafield>
  <datafield tag="040" ind1=" " ind2=" ">
    <subfield code="c">comduadb</subfield>
  </datafield>
  <datafield tag="041" ind1=" " ind2=" ">
    <subfield code="a">spa</subfield>
  </datafield>
  <datafield tag="100" ind1="1" ind2="0">
    <subfield code="a">Palomeque Solano, Mar&#xED;a Eugenia</subfield>
    <subfield code="4">aut</subfield>
    <subfield code="e">aut</subfield>
    <subfield code="9">762919</subfield>
  </datafield>
  <datafield tag="245" ind1="1" ind2="3">
    <subfield code="a">El ciclo cliente proveedor y la familia de normas ISO 9000</subfield>
  </datafield>
  <datafield tag="520" ind1="3" ind2=" ">
    <subfield code="a">Los directivos actuales se enfrentan a una situaci&#xF3;n relativamente nueva: los clientes est&#xE1;n cada d&#xED;a m&#xE1;s informados y han aprendido a exigir mejor calidad, mayor variedad, mayor rapidez en la respuesta y precios acorde a sus expectativas. De ah&#xED; la importancia de controlar el comportamiento de la relaci&#xF3;n producto-insumo. Las condiciones en que se comercializan los productos y servicios cambian a causa de un conjunto de fen&#xF3;menos que caracterizan al mercado actual. Se resumen en este trabajo las consideraciones sobre aspectos relacionados con la comprensi&#xF3;n del enfoque de procesos de la familia de normas ISO, en contraste con el impacto que ejercen en el desempe&#xF1;o empresarial, fundamentalmente en Am&#xE9;rica Latina. La metodolog&#xED;a usada ha sido la revisi&#xF3;n documental, el an&#xE1;lisis y la s&#xED;ntesis a trav&#xE9;s de la contrastaci&#xF3;n con experiencias emp&#xED;ricas del autor.</subfield>
  </datafield>
  <datafield tag="650" ind1=" " ind2=" ">
    <subfield code="a">Tecnologia - Metodologia</subfield>
    <subfield code="9">43501</subfield>
  </datafield>
  <datafield tag="650" ind1=" " ind2=" ">
    <subfield code="a">Norma ISO: 9000</subfield>
    <subfield code="9">157488</subfield>
  </datafield>
  <datafield tag="650" ind1=" " ind2=" ">
    <subfield code="a">Control de calidad - Normas</subfield>
    <subfield code="9">202267</subfield>
  </datafield>
  <datafield tag="650" ind1=" " ind2=" ">
    <subfield code="a">Empresas tecnol&#xF3;gicas</subfield>
    <subfield code="9">198368</subfield>
  </datafield>
  <datafield tag="650" ind1=" " ind2=" ">
    <subfield code="a">Normas ISO</subfield>
    <subfield code="9">47823</subfield>
  </datafield>
  <datafield tag="650" ind1=" " ind2=" ">
    <subfield code="a">Administraci&#xF3;n por procesos</subfield>
    <subfield code="9">97999</subfield>
  </datafield>
  <datafield tag="650" ind1=" " ind2=" ">
    <subfield code="a">Proveedores</subfield>
    <subfield code="9">29168</subfield>
  </datafield>
  <datafield tag="650" ind1=" " ind2="7">
    <subfield code="a">Calidad total</subfield>
    <subfield code="2">embne</subfield>
    <subfield code="9">29803</subfield>
  </datafield>
  <datafield tag="773" ind1="0" ind2=" ">
    <subfield code="t">Clio Am&#xE9;rica (Santa Marta)</subfield>
    <subfield code="g">Volumen 10, N&#xFA;mero 20, Julio-Diciembre 2016, 186-193</subfield>
    <subfield code="w">1359311</subfield>
    <subfield code="z">1909941X</subfield>
    <subfield code="0">681933</subfield>
  </datafield>
  <datafield tag="942" ind1=" " ind2=" ">
    <subfield code="c">ARIMP</subfield>
  </datafield>
  <datafield tag="999" ind1=" " ind2=" ">
    <subfield code="c">767053</subfield>
    <subfield code="d">767053</subfield>
  </datafield>
</record>
